00954nam a22001817a 4500003000600000005001700006008004100023020001900064020001500083040000800098082001300106245005300119260006300172300002700235440001800262505047300280650001900753GBCCL20241126110657.0210922b ||||| |||| 00| 0 eng d a9781433688959  a1433688956 cGBC a262bCHU aUnderstanding the Lord's Supper/cBobby Jamieson aNashville, Tennessee : bB & H Publishing Group, c[2016]  avi, 70 pages ; c18 cm aChurch basics aPart 1: Snapshots: Takeout -- Sealed in blood -- The right company -- Come together -- Best for last -- Part 2: Spelling out the sign -- What is the Lord's supper? -- What does the Lord's supper make us? -- Part 3: Meal planning -- What gathering may celebrate the Lord's supper? -- Who may participate in the Lord's supper? -- Who should lead the Lord's supper? -- How should churches celebrate the Lord's supper? -- How should individuals approach the Lord's supper? aLord's Supper.